=LDR 00000nam 2200000 4500 =001 INLIS000000000034139 =005 20130612140044 =008 ***********************************Ind** =035 ##$$a0010-061300000034139 =041 ##$$a Ind =082 ##$$a 813 =090 ##$$a 813, Rol d =100 ##$$a Rollins, James =245 ##$$a The Doomsday Key 2012, James Rollins =260 ##$$a 2009 $b Bandung =300 ##$$a xv, 524 hlm, 25 cm =650 ##$$a The Doomsday key 2012 =850 ##$$a NBPNMAT =990 ##$$a 93620/BPAP-NTB/2014